Objects of myth and memory (Record no. 117)
[ view plain ]
| 000 -CABECERA | |
|---|---|
| campo de control de longitud fija | 01166nam a2200277 a 4500 |
| 001 - NÚMERO DE CONTROL | |
| campo de control | BRCA_135 |
| 005 - FECHA Y HORA DE LA ÚLTIMA TRANSACCIÓN | |
| campo de control | 20190320202909.0 |
| 008 - DATOS DE LONGITUD FIJA--INFORMACIÓN GENERAL | |
| campo de control de longitud fija | 891017s1991 nyua---##b---#001-0#eng-d |
| 020 ## - NÚMERO INTERNACIONAL ESTÁNDAR DEL LIBRO | |
| Número Internacional Estándar del Libro | 0872731227 |
| 040 ## - FUENTE DE LA CATALOGACIÓN | |
| Centro catalogador/agencia de origen | DLC |
| Centro/agencia transcriptor | DLC |
| Centro/agencia modificador | DLC |
| 050 #4 - SIGNATURA TOPOGRÁFICA DE LA BIBLIOTECA DEL CONGRESO | |
| Número de clasificación | E98.A7 |
| Número de documento/Ítem | .F36 1991 |
| 100 1# - ENTRADA PRINCIPAL--NOMBRE DE PERSONA | |
| Nombre de persona | Fane, Diana |
| 9 (RLIN) | 532 |
| 245 10 - MENCIÓN DE TÍTULO | |
| Título | Objects of myth and memory |
| Resto del título | american indian art at the Brooklyn Museum |
| Mención de responsabilidad, etc. | Diana Fane, Ira Jacknis, Lise M. Breen. |
| 260 ## - PUBLICACIÓN, DISTRIBUCIÓN, ETC. | |
| Lugar de publicación, distribución, etc. | Brooklyn, Nueva York |
| Nombre del editor, distribuidor, etc. | The Brooklyn Museum : University of Washington Press |
| Fecha de publicación, distribución, etc. | 1991 |
| 300 ## - DESCRIPCIÓN FÍSICA | |
| Extensión | 320 p. |
| Otras características físicas | il. (algunas a color), mapas |
| Dimensiones | 30 cm. |
| 500 ## - NOTA GENERAL | |
| Nota general | Catálogo de la exposición realizada en el Museo de Brooklyn (Brooklyn, Nueva York), 4 octubre - 30 diciembre, 1991 |
| 500 ## - NOTA GENERAL | |
| Nota general | Incluye índice alfabético |
| 504 ## - NOTA DE BIBLIOGRAFÍA, ETC. | |
| Nota de bibliografía, etc. | Bibliografía: p. 313-316 |
| 600 14 - PUNTO DE ACCESO ADICIONAL DE MATERIA--NOMBRE DE PERSONA | |
| Nombre de persona | Culin, Stewart |
| Fechas asociadas al nombre | 1858-1929 |
| Subdivisión general | Colecciones de arte |
| 9 (RLIN) | 533 |
| 610 24 - PUNTO DE ACCESO ADICIONAL DE MATERIA--NOMBRE DE ENTIDAD CORPORATIVA | |
| Nombre de entidad corporativa o nombre de jurisdicción como elemento de entrada | Museo de Brooklyn (Estados Unidos) |
| Subdivisión de forma | Exposiciones |
| 9 (RLIN) | 534 |
| 650 14 - PUNTO DE ACCESO ADICIONAL DE MATERIA--TÉRMINO DE MATERIA | |
| Término de materia o nombre geográfico como elemento de entrada | Arte indígena |
| Subdivisión de forma | Exposiciones |
| Subdivisión geográfica | América del Norte |
| 9 (RLIN) | 535 |
| 650 14 - PUNTO DE ACCESO ADICIONAL DE MATERIA--TÉRMINO DE MATERIA | |
| Término de materia o nombre geográfico como elemento de entrada | Indígenas de América del Norte |
| Subdivisión de forma | Exposiciones |
| Subdivisión general | Antigüedades |
| 9 (RLIN) | 536 |
| 700 1# - PUNTO DE ACCESO ADICIONAL--NOMBRE DE PERSONA | |
| Nombre de persona | Jacknis, Ira |
| 9 (RLIN) | 537 |
| 700 1# - PUNTO DE ACCESO ADICIONAL--NOMBRE DE PERSONA | |
| Nombre de persona | Breen, Lise M |
| 9 (RLIN) | 538 |
| 942 ## - ELEMENTOS DE PUNTO DE ACCESO ADICIONAL (KOHA) | |
| Fuente del sistema de clasificación o colocación | Library of Congress Classification |
| Tipo de ítem Koha | Libros |
| Estado de retiro | Estado de pérdida | Estado dañado | No para préstamo | Localización permanente | Ubicación/localización actual | Fecha de adquisición | Total de préstamos | Signatura topográfica completa | Código de barras | Fecha visto por última vez | Precio válido a partir de | Tipo de ítem Koha |
|---|---|---|---|---|---|---|---|---|---|---|---|---|
| El ejemplar forma parte de la colección y puede ser consultado según las políticas vigentes. | Biblioteca del Museo Franz Mayer (Rogerio Casas-Alatriste) | Biblioteca del Museo Franz Mayer (Rogerio Casas-Alatriste) | 25/06/2008 | E98.A7 .F36 1991 | 00129 | 22/03/2019 | 22/03/2019 | Libros |